Suomen kissarodut - Statistics

Yleistilastot
  • Tätä visaa on pelattu 474 kertaa
    348 viimeisimmän päivityksen jälkeen
  • Keskiarvotulos 15 / 47
Vastaustilastot
Kategoria Rotu % Oikein
Kat 1 Ragdoll
77%
Kat 2 Maine Coon
71%
Kat 2 Norjalainen metsäkissa
68%
Kat 4 Siamilainen
68%
Kat 1 Persialainen
64%
Kat 4 Venäjänsininen
60%
Kat 3 Bengali
59%
Kat 4 Sfinx
54%
Kat 1 Pyhä birma
50%
Kat 3 Burma
43%
Kat 3 Brittiläinen lyhytkarva
38%
Kat 3 Brittiläinen pitkäkarva
38%
Kat 4 Cornish rex
37%
Kat 4 Devon rex
35%
Kat 4 Somali
34%
Kat 4 Itämainen lyhytkarva
33%
Kat 2 Siperian kissa
32%
Kat 4 Abessinialainen
31%
Kat 3 Manx
31%
Kat 3 Egyptinmau
28%
Kat 1 Exotic
28%
Kat 3 Ocicat
25%
Kat 2 Turkkilainen angora
25%
Kat 1 Turkkilainen Van
25%
Kat 2 American Curl, lyhytkarva
24%
Kat 2 American Curl, pitkäkarva
24%
Kat 3 Burmilla
22%
Kat 4 Itämainen pitkäkarva
22%
Kat 4 Balineesi
21%
Kat 3 Korat
21%
Kat 3 Singapura
21%
Kat 3 Eurooppalainen
20%
Kat 4 Thai
20%
Kat 4 Japanin bobtail
18%
Kat 3 Selkirk rex, lyhytkarva
18%
Kat 3 Selkirk rex, pitkäkarva
18%
Kat 3 Kartusiaani
17%
Kat 2 Neva Masquerade
17%
Kat 4 Don Sfinx
16%
Kat 4 German rex
16%
Kat 3 Snowshoe
16%
Kat 3 Kuriilien bobtail, lyhytkarva
15%
Kat 3 Kuriilien bobtail, pitkäkarva
15%
Kat 2 LaPerm
15%
Kat 3 Cymric
14%
Kat 3 Sokoke
14%
Kat 4 Peterbald
13%
Ehtoja vastaavia visoja ei löytynyt
Tulosjakauma
Jokaisen tuloksen saaneiden osuus
Persentiili vastausten määrän mukaan
Tuloshistoriasi
Et ole pelannut tätä visaa sen viimeisimmän päivityksen jälkeen